| 000 | 02032cam a22004094a 4500 | ||
|---|---|---|---|
| 001 | 14085726 | ||
| 003 | OSt | ||
| 005 | 20140310182750.0 | ||
| 008 | 050824s2005 ii a b 001 0 eng | ||
| 010 | _a 2005024703 | ||
| 020 | _a0761934308 | ||
| 035 | _a(OCoLC)ocm61448124 | ||
| 035 | _a(OCoLC)61448124 | ||
| 040 |
_aDLC _cDLC _dVVC _dBAKER _dC#P _dBTCTA _dYDXCP _dDLC |
||
| 043 | _aaz----- | ||
| 050 | 0 | 0 |
_aHN 670.3 _b.K21 2005 |
| 082 | 0 | 0 |
_aM 303.60954 _bK21 2005 |
| 245 | 0 | 0 |
_aReligion, violence, and political mobilisation in South Asia _cKaur, Ravinder |
| 260 |
_aNew Delhi _aThousand Oaks, Calif. _bSage Publications _cc2005 |
||
| 300 |
_a228 p. _bill. _c22 cm. |
||
| 504 | _aIncludes bibliographical references and index. | ||
| 505 | 0 | _aThe body as symbol in the production of Hindu-Muslim violence / Paul R. Brass -- Communal upheaval as the resurgence of Social-Darwinism / Jan Breman -- Between ethnicity and communalism: the significance of the nation-state / Dipankar Gupta -- Sovereigns beyond the state: on legality and public authority in India / Thomas Blom Hansen -- Understanding religious violence in contemporary Pakistan: themes and theories / Ian Talbot -- On terror and sacrifice / Oskar Verkaaik -- South Asia and the war against terrorism / Björn Hettne. | |
| 521 | _aCollege Student | ||
| 526 | _c1210L-1700L | ||
| 541 | _j1 | ||
| 562 | _e1 | ||
| 650 | 0 |
_aCommunalism _zSouth Asia. |
|
| 650 | 0 |
_aViolence _xReligious aspects. |
|
| 650 | 0 |
_aReligion and state _zSouth Asia. |
|
| 650 | 0 |
_aTerrorism _zSouth Asia. |
|
| 700 | 1 | _aKaur, Ravinder. | |
| 856 | 4 | 1 |
_3Table of contents _uhttp://www.loc.gov/catdir/toc/ecip0518/2005024703.html |
| 856 | 4 | 2 |
_3Publisher description _uhttp://www.loc.gov/catdir/enhancements/fy0734/2005024703-d.html |
| 906 |
_a7 _bcbc _corignew _d1 _eecip _f20 _gy-gencatlg |
||
| 942 |
_2lcc _cBK _kM |
||
| 999 |
_c15722 _d15722 |
||